Atlas des risques et des crises (notice n° 2187485)

détails MARC
000 -LEADER
fixed length control field 01612cam a2200169 4500500
005 - DATE AND TIME OF LATEST TRANSACTION
control field 20260405064350.0
041 ## - LANGUAGE CODE
Language code of text/sound track or separate title fre
042 ## - AUTHENTICATION CODE
Authentication code dc
100 10 - MAIN ENTRY--PERSONAL NAME
Personal name Laganier, Richard
Relator term author
245 00 - TITLE STATEMENT
Title Atlas des risques et des crises
260 ## - PUBLICATION, DISTRIBUTION, ETC.
Name of publisher, distributor, etc. Autrement,<br/>
Date of publication, distribution, etc. 2023.<br/>
520 ## - SUMMARY, ETC.
Summary, etc. Les risques et les crises s’amplifient, notamment avec le réchauffement climatique. Incendies, inondations, tempêtes, séismes… face à ces aléas naturels, territoires et populations sont de plus en plus vulnérables. Comment faire face à ces phénomènes et se protéger ? Comment gérer les catastrophes et les anticiper ?• Une nécessaire définition des termes et un état des lieux ouvrent l’atlas : typologie, échelles et seuils de vulnérabilité, causes et conséquences sur l’homme et l’environnement.• Des mégafeux continentaux à l’exploitation des ressources en Arctique : à l’échelle mondiale, quelles sont les réponses face aux catastrophes ?• Quels sont les défis à relever en France face à l’érosion des côtes et à la multiplication des inondations, glissements de terrain, canicules et risques technologiques ?Avec plus de 100 cartes et documents originaux, l’atlas propose un éclairage sur l’un des enjeux majeurs du XXIᵉ siècle : affronter des menaces bien réelles et trouver des solutions pour y remédier.
700 10 - ADDED ENTRY--PERSONAL NAME
Personal name Veyret, Yvette
Relator term author
700 10 - ADDED ENTRY--PERSONAL NAME
Personal name Gache, Marie-Laure
Relator term author
700 10 - ADDED ENTRY--PERSONAL NAME
Personal name Noaille, Jean-Marc
Relator term author
856 41 - ELECTRONIC LOCATION AND ACCESS
Uniform Resource Identifier <a href="https://shs.cairn.info/atlas-des-risques-et-des-crises--9782080283511?lang=fr&redirect-ssocas=7080">https://shs.cairn.info/atlas-des-risques-et-des-crises--9782080283511?lang=fr&redirect-ssocas=7080</a>

Pas d'exemplaire disponible.

PLUDOC

PLUDOC est la plateforme unique et centralisée de gestion des bibliothèques physiques et numériques de Guinée administré par le CEDUST. Elle est la plus grande base de données de ressources documentaires pour les Étudiants, Enseignants chercheurs et Chercheurs de Guinée.

Adresse

627 919 101/664 919 101

25 boulevard du commerce
Kaloum, Conakry, Guinée

Réseaux sociaux

Powered by Netsen Group @ 2025